Vista normal Vista MARC

Entrada Materia (personas)

Número de registros utilizados en: 1

001 - CONTROL NUMBER

  • control field: 169649

003 - CONTROL NUMBER IDENTIFIER

  • control field: Co-BoUCM

005 - DATE AND TIME OF LATEST TRANSACTION

  • control field: 20211112075636.0

008 - FIXED-LENGTH DATA ELEMENTS

  • fixed length control field: 211112|| aca||aabn | a|a d

040 ## - CATALOGING SOURCE

  • Original cataloging agency: Co-BoUCM
  • Transcribing agency: Co-BoUCM

100 ## - HEADING--PERSONAL NAME

  • Personal name: Rahmaan, Anis Ur.
  • Dates associated with a name: 1932-

670 ## - SOURCE DATA FOUND

  • Source citation: Work cat.: (Co-BoUCM)77100: Rahmaan, Anis Ur. 1932-, The imperatives of urban and regional planning concepts and case studies from the developing world, 2011